| Tag |
First Indicator |
Second Indicator |
Subfields |
| LEADER |
00000cam a2200000 4500 |
| 001 |
in00000066317 |
| 005 |
20151008051856.0 |
| 008 |
730228r19671835nyu 00000 eng u |
| 010 |
|
|
|a 66021697
|
| 035 |
|
|
|a (OCoLC)00566682
|
| 035 |
|
|
|9 AAH0490AM
|
| 040 |
|
|
|c WSU
|d TXA
|d UtOrBLW
|
| 049 |
|
|
|a TXAM
|c [426559]
|
| 050 |
|
0 |
|a TS145
|b .U8 1967
|
| 092 |
|
|
|a 338.65
|b U75p, 1967
|
| 100 |
1 |
|
|a Ure, Andrew,
|d 1778-1857.
|
| 245 |
1 |
4 |
|a The philosophy of manufactures ;
|b or, An exposition of the scientific, moral, and commercial economy of the factory system of Great Britain.
|
| 264 |
|
1 |
|a New York :
|b A.M. Kelley,
|c 1967.
|
| 300 |
|
|
|a 480 pages
|
| 336 |
|
|
|a text
|b txt
|2 rdacontent
|
| 337 |
|
|
|a unmediated
|b n
|2 rdamedia
|
| 338 |
|
|
|a volume
|b nc
|2 rdacarrier
|
| 490 |
0 |
|
|a Reprints of economic classics
|
| 650 |
|
0 |
|a Factory system.
|
| 650 |
|
0 |
|a Manufactures.
|
| 740 |
3 |
|
|a An exposition of the scientific, moral, and commercial economy of the factory system of Great Britain.
|
| 999 |
|
|
|a MARS
|
| 999 |
f |
f |
|s 4457f210-40ef-3364-bfed-bf55276f26e2
|i 0d118fde-b247-305b-bbcd-38a33f4921ed
|t 0
|
| 952 |
f |
f |
|p ric
|a Texas A&M University
|b Rellis Campus
|c Joint Library Facility
|d Remote Storage
|t 0
|e TS145 .U8 1967
|h Library of Congress classification
|i unmediated -- volume
|m A14800769758
|
| 998 |
f |
f |
|a TS145 .U8 1967
|t 0
|l Remote Storage
|